000 01053nam a2200241Ia 4500
003 Ost
005 20260507074959.0
008 260507s9999||||xx |||||||||||||| ||und||
020 _a9948004108
040 _cfsecg
041 _aara
082 _a338.9
100 _aالفكيكي، علي محمود
_eمؤلف
245 0 _aالجديد في علاقة الدولة بالصناعة في العالم العربي والتحديات المعاصرة /
_c علي محمود الفكيكي
260 _aأبو ظبي:
_bمركز الإمارات للدراسات والبحوث الاستراتيجية,
_c2003
300 _a81 صفحة؛
_bإيضاحات ؛
_c21 سم
490 _aدراسات استراتيجية
_v82
504 _aببليوغرافيا:ص.65-69
520 _aعلاقة الدولة بالصناعة،التحول في علاقة الدولة بالصناعة،خلاصة ومقترحات،الجداول والأشكال
653 _aالأقليات
653 _aالصناعة والدولة
942 _cكتاب
999 _c42058
_d42058